[Event "European Individual Championships"]
[Site "Yerevan ARM"]
[Date "2014.03.06"]
[EventDate "2014.03.03"]
[Round "4.43"]
[Result "0-1"]
[White "Antoaneta Stefanova"]
[Black "Dragan Solak"]
[WhiteElo "2476"]
[BlackElo "2610"]
[PlyCount "126"]

1. d4 d5 2. c4 c6 3. cxd5 cxd5 4. Bf4 Nc6 5. Nc3 e5 6. dxe5 d4
7. Ne4 Bf5 8. Nd2 Nge7 9. g4 Bxg4 10. Bg2 Ng6 11. Bg3 Ngxe5
12. Qa4 Qd7 13. Rc1 Be7 14. f4 Nb4 15. Qxd7+ Nxd7 16. Bxb7 Rb8
17. Be4 Nc5 18. Bb1 O-O 19. a3 Nd5 20. b4 Na4 21. Ngf3 Nac3
22. Bd3 Rfe8 23. Ne5 Bh5 24. Kf2 Bd6 25. Ndc4 Bc7 26. Rhe1 Ra8
27. f5 Nf6 28. Nf3 Nfe4+ 29. Kg2 Nxg3 30. hxg3 Rad8 31. e4 f6
32. Rc2 Bf7 33. e5 fxe5 34. Ncxe5 Bb3 35. Rd2 Bd5 36. Kf2 Kf8
37. a4 Re7 38. Ng4 Rxe1 39. Nxe1 h5 40. Nh2 h4 41. Nf1 hxg3+
42. Nxg3 Bf4 43. Rc2 Nd1+ 44. Ke2 Bxg3 45. Kxd1 Bb3 46. Nf3
Bxa4 47. Ng5 Bxc2+ 48. Kxc2 Rc8+ 49. Kd1 Ke7 50. Ke2 Be5
51. Kf3 Bf6 52. Ne4 Rc1 53. Ke2 Rh1 54. b5 Rh2+ 55. Kf3 Rh3+
56. Ke2 Be5 57. Nf2 Re3+ 58. Kd2 Bf4 59. Kc2 Kd6 60. Nd1 Re1
61. Nb2 Rc1+ 62. Kb3 Rc3+ 63. Kb4 Ke5 0-1

[Event "European Individual Championships"]
[Site "Yerevan ARM"]
[Date "2014.03.07"]
[EventDate "2014.03.03"]
[Round "5.75"]
[Result "1/2-1/2"]
[White "Maria Kursova"]
[Black "Antoaneta Stefanova"]
[WhiteElo "2326"]
[BlackElo "2476"]
[PlyCount "54"]

1. d4 d6 2. Nf3 g6 3. g3 Bg7 4. Bg2 Nd7 5. c4 e5 6. Nc3 Ne7
7. O-O O-O 8. e4 exd4 9. Nxd4 Nc6 10. Nde2 a5 11. Be3 Nde5
12. b3 a4 13. Nxa4 Nxc4 14. bxc4 Bxa1 15. Qxa1 Rxa4 16. Bh6 f6
17. Nc3 Rxc4 18. Bxf8 Kxf8 19. Nd5 Nd4 20. f4 c6 21. Ne3 Ra4
22. Kh1 b5 23. e5 Qe7 24. Qc3 dxe5 25. fxe5 Qxe5 26. Nd5 Bf5
27. Re1 Qd6 1/2-1/2

[Event "European Individual Championships"]
[Site "Yerevan ARM"]
[Date "2014.03.08"]
[EventDate "2014.03.03"]
[Round "6.78"]
[Result "1-0"]
[White "Antoaneta Stefanova"]
[Black "Zohrak Apresyan"]
[WhiteElo "2476"]
[BlackElo "2136"]
[PlyCount "71"]

1. d4 Nf6 2. Nf3 g6 3. Nc3 d5 4. Bf4 Bg7 5. e3 Bg4 6. Nb5 Na6
7. c4 O-O 8. Nc3 c6 9. Qb3 Bxf3 10. Qxb7 Qa5 11. gxf3 Nh5
12. cxd5 Nc5 13. Qxc6 Nxf4 14. Qxc5 Qxc5 15. dxc5 Bxc3+
16. bxc3 Nxd5 17. Ba6 Rab8 18. c6 Rb2 19. O-O Nc7 20. Bb7 Rd8
21. Rfd1 Rdd2 22. Rxd2 Rxd2 23. a4 Kf8 24. Rb1 Rd3 25. Bc8
Rxc3 26. Bd7 a5 27. Rb7 Nd5 28. Rb5 Nb4 29. Rxa5 Kg7 30. Ra7
Nd5 31. h4 h5 32. e4 Nf6 33. a5 e5 34. Be6 Kh6 35. Rxf7 Ne8
36. Re7 1-0

[Event "European Individual Championships"]
[Site "Yerevan ARM"]
[Date "2014.03.10"]
[EventDate "2014.03.03"]
[Round "7.41"]
[Result "1/2-1/2"]
[White "Ildar Khairullin"]
[Black "Antoaneta Stefanova"]
[WhiteElo "2657"]
[BlackElo "2476"]
[PlyCount "83"]

1. e4 e5 2. Nf3 Nc6 3. Bb5 a6 4. Ba4 Nf6 5. O-O b5 6. Bb3 Bb7
7. d3 Bc5 8. Nc3 d6 9. a3 h6 10. Nd5 Nd4 11. Nxd4 Bxd4 12. Ne3
g6 13. Kh1 d5 14. exd5 Qd6 15. c4 Ba7 16. Bd2 c6 17. Bb4 Bc5
18. Bxc5 Qxc5 19. Qf3 Nd7 20. Rac1 Qd6 21. c5 Nxc5 22. dxc6
Bxc6 23. Qxf7+ Kd8 24. Qg7 Rf8 25. Bd5 Bxd5 26. Nxd5 Rc8
27. Kg1 g5 28. b4 Nd7 29. Ne7 Rc7 30. Rxc7 Kxc7 31. Rc1+ Kb8
32. d4 e4 33. g3 e3 34. fxe3 Qe6 35. Nc6+ Ka8 36. Ne5 Qb3
37. Qxd7 Qxe3+ 38. Kg2 Qxc1 39. Qd5+ Ka7 40. Qd7+ Ka8 41. Qd5+
Ka7 42. Qd7+ 1/2-1/2

[Event "European Individual Championships"]
[Site "Yerevan ARM"]
[Date "2014.03.11"]
[EventDate "2014.03.03"]
[Round "8.53"]
[Result "1/2-1/2"]
[White "Antoaneta Stefanova"]
[Black "Andrey Zhigalko"]
[WhiteElo "2476"]
[BlackElo "2603"]
[PlyCount "40"]

1. d4 Nf6 2. c4 g6 3. Nc3 Bg7 4. e4 d6 5. Be2 O-O 6. Be3 c5
7. e5 Ne8 8. dxc5 Bxe5 9. Bh6 Qa5 10. Bxf8 Bxc3+ 11. bxc3
Qxc3+ 12. Kf1 Kxf8 13. cxd6 Nxd6 14. Rc1 Qf6 15. c5 Nf5
16. Qd8+ Kg7 17. Qxc8 Nc6 18. Qxa8 Ne3+ 19. Ke1 Nxg2+ 20. Kf1
Ne3+ 1/2-1/2

[Event "European Individual Championships"]
[Site "Yerevan ARM"]
[Date "2014.03.12"]
[EventDate "2014.03.03"]
[Round "9.50"]
[Result "0-1"]
[White "Vladimir Onischuk"]
[Black "Antoaneta Stefanova"]
[WhiteElo "2583"]
[BlackElo "2476"]
[PlyCount "85"]

1. e4 e5 2. Nf3 Nc6 3. Bb5 Nf6 4. d3 Bc5 5. c3 O-O 6. O-O Re8
7. Nbd2 a6 8. Ba4 b5 9. Bc2 d5 10. h3 h6 11. Re1 Bb6 12. exd5
Qxd5 13. Qe2 Be6 14. Nh4 Qd7 15. Ne4 Qd8 16. Qf3 Nxe4 17. Rxe4
Bd5 18. Bb3 Re6 19. Nf5 Rg6 20. h4 Be6 21. Bxe6 fxe6 22. Nxh6+
gxh6 23. h5 Rf6 24. Rg4+ Kh8 25. Qxc6 Bxf2+ 26. Kh2 Qe8
27. Qxe8+ Rxe8 28. Re4 Rg8 29. g4 Bb6 30. d4 Rf1 31. Kg2 Rd1
32. b3 exd4 33. c4 Kh7 34. Rf4 Rg7 35. Kf3 e5 36. Rf5 e4+
37. Kxe4 Rxg4+ 38. Kd5 Rgg1 39. c5 Ba5 40. Rf7+ Kg8 41. Rf6
Bc3 42. Rb1 Rxc1 43. Ke4 0-1

[Event "European Individual Championships"]
[Site "Yerevan ARM"]
[Date "2014.03.13"]
[EventDate "2014.03.03"]
[Round "10.35"]
[Result "1/2-1/2"]
[White "Antoaneta Stefanova"]
[Black "Ivan Ivanisevic"]
[WhiteElo "2476"]
[BlackElo "2633"]
[PlyCount "54"]

1. d4 d5 2. c4 e6 3. Nc3 c5 4. cxd5 cxd4 5. Qa4+ Bd7 6. Qxd4
exd5 7. Nf3 Nc6 8. Qxd5 Nf6 9. Qd1 Bc5 10. e3 Qe7 11. a3 O-O
12. Be2 Rfd8 13. O-O Bf5 14. Qa4 Ne5 15. Qf4 Nxf3+ 16. Bxf3
Bd3 17. Re1 Bd6 18. Qh4 Be5 19. e4 h6 20. Be3 b5 21. g4 Rac8
22. Rac1 Rc4 23. Rcd1 Rcc8 24. Qh3 Qe6 25. Qh4 Qe7 26. Qh3 Qe6
27. Qh4 Qe7 1/2-1/2

[Event "European Individual Championships"]
[Site "Yerevan ARM"]
[Date "2014.03.14"]
[EventDate "2014.03.03"]
[Round "11.32"]
[Result "1-0"]
[White "Jon Ludvig Hammer"]
[Black "Antoaneta Stefanova"]
[WhiteElo "2647"]
[BlackElo "2476"]
[PlyCount "67"]

1. Nf3 d5 2. g3 Nc6 3. d4 Bg4 4. Bg2 Qd7 5. c4 dxc4 6. O-O
O-O-O 7. Nbd2 Nxd4 8. Nxd4 Qxd4 9. Qa4 e5 10. Nxc4 Be6 11. b3
Bd7 12. Qa5 Qc5 13. Qe1 e4 14. Bf4 g5 15. Be3 Qb4 16. Bd2 Qe7
17. Rc1 Kb8 18. Be3 a6 19. Qa5 f5 20. Ne5 Be8 21. Bc5 Rd6
22. Bxd6 cxd6 23. Nc4 Qf6 24. Rfd1 h5 25. Qb6 Rh6 26. Ne3 d5
27. Qc7+ Ka7 28. Rxd5 Bd6 29. Qc8 Ne7 30. Qxe8 Nxd5 31. Nxd5
Qd4 32. Qg8 Rh8 33. Qe6 Ba3 34. e3 1-0

[Event "FIDE Women's Grand Prix Khanty - Mansiysk"]
[Site "Khanty-Mansiysk RUS"]
[Date "2014.04.09"]
[EventDate "2014.04.09"]
[Round "1.1"]
[Result "1/2-1/2"]
[White "Antoaneta Stefanova"]
[Black "Alexandra Kosteniuk"]
[WhiteElo "2489"]
[BlackElo "2527"]
[PlyCount "138"]

1. d4 d5 2. Bf4 Nf6 3. Nc3 c6 4. e3 Nbd7 5. h4 g6 6. g4 h6
7. Bd3 Bg7 8. Qf3 Qa5 9. Ne2 Ne4 10. Bxe4 dxe4 11. Qg2 Nf6
12. g5 hxg5 13. hxg5 Rxh1+ 14. Qxh1 Nh5 15. O-O-O Bg4 16. Qxe4
Bxe2 17. Nxe2 Qxa2 18. Nc3 Qa1+ 19. Kd2 Qa5 20. b4 Qf5
21. Qxf5 gxf5 22. Bh2 O-O-O 23. Ra1 e5 24. Rxa7 exd4 25. Ra8+
Kd7 26. Rxd8+ Kxd8 27. Ne2 dxe3+ 28. Kxe3 Bf8 29. c3 Be7
30. f4 Kd7 31. Bg1 Bd6 32. Kf3 Bc7 33. Be3 Ng7 34. Ng3 Ke6
35. Bd4 Ne8 36. c4 Bd6 37. Bc3 b5 38. c5 Be7 39. Ne2 Kd5
40. Nd4 Bf8 41. Nxf5 Kc4 42. Be1 Kd3 43. Kg4 Nc7 44. Nd6 Ke2
45. Bc3 Nd5 46. Bh8 Nxb4 47. Nxf7 Bxc5 48. Nd8 Nd5 49. Nxc6
Ke3 50. f5 Ke4 51. f6 Nf4 52. f7 Ng6 53. Bc3 Kd5 54. Nd8 b4
55. Bb2 b3 56. Kf5 Ne7+ 57. Kf6 Ke4 58. f8=Q Nd5+ 59. Kf7 Bxf8
60. Kxf8 Kf5 61. Nf7 Nf4 62. Kg7 Nd3 63. Bf6 b2 64. Nh6+ Kf4
65. Bxb2 Kxg5 66. Bf6+ Kf4 67. Kf7 Ne5+ 68. Ke6 Ng4 69. Nxg4
Kxg4 1/2-1/2

[Event "FIDE Women's Grand Prix Khanty - Mansiysk"]
[Site "Khanty-Mansiysk RUS"]
[Date "2014.04.10"]
[EventDate "2014.04.09"]
[Round "2.1"]
[Result "1-0"]
[White "Antoaneta Stefanova"]
[Black "Anna Ushenina"]
[WhiteElo "2489"]
[BlackElo "2501"]
[PlyCount "127"]

1. Nf3 d5 2. g3 Bg4 3. Bg2 c6 4. O-O Nd7 5. d4 e6 6. Nbd2 Ngf6
7. Re1 Be7 8. e4 O-O 9. c3 Bh5 10. e5 Ne8 11. Nb3 a5 12. Be3
Nc7 13. Nc1 c5 14. Nd3 cxd4 15. cxd4 Nb6 16. Nf4 Bg4 17. h3
Bf5 18. Nd2 Na6 19. g4 Bg6 20. a3 a4 21. Rc1 Nb8 22. Bf1 Nc6
23. Nd3 Nd7 24. Nf4 Nb6 25. Nf3 Na5 26. Nd2 Qd7 27. Nxg6 fxg6
28. Bd3 Rac8 29. Qe2 Rxc1 30. Rxc1 Rc8 31. Rxc8+ Qxc8 32. f4
Nbc4 33. Nxc4 Nxc4 34. Bf2 b5 35. f5 gxf5 36. gxf5 b4 37. axb4
Bxb4 38. Qc2 Nb6 39. Qxc8+ Nxc8 40. fxe6 h6 41. Bb5 Bc3
42. Bxa4 Bxb2 43. Kg2 Kf8 44. Kf3 Ke7 45. Bd7 Nb6 46. Kg4 g6
47. Bh4+ g5 48. Bf2 Nc4 49. Kh5 Bc1 50. Kxh6 Ne3 51. Kh5 Ng2
52. Kg4 Bd2 53. Bc8 Bc1 54. Bg3 Bd2 55. Kf3 Nh4+ 56. Ke2 Ba5
57. Bf2 Bb4 58. Be3 Nf5 59. Bxg5+ Kf8 60. Kd3 Be1 61. Bb7 Bf2
62. e7+ Nxe7 63. Bxe7+ Kxe7 64. Bxd5 1-0

[Event "FIDE Women's Grand Prix Khanty - Mansiysk"]
[Site "Khanty-Mansiysk RUS"]
[Date "2014.04.11"]
[EventDate "2014.04.09"]
[Round "3.5"]
[Result "1-0"]
[White "Zhao Xue"]
[Black "Antoaneta Stefanova"]
[WhiteElo "2552"]
[BlackElo "2489"]
[PlyCount "139"]

1. d4 d5 2. c4 c6 3. Nf3 Nf6 4. Qb3 e6 5. Bg5 dxc4 6. Qxc4 b5
7. Qc2 Bb7 8. e4 Nbd7 9. Nbd2 Qb6 10. a4 a6 11. Be2 c5
12. axb5 axb5 13. Rxa8+ Bxa8 14. O-O h6 15. Bh4 g5 16. Bg3 Bb7
17. Rc1 Be7 18. h4 Nh5 19. Bh2 Nf4 20. Bf1 Ng6 21. dxc5 Nxc5
22. h5 Nf4 23. Qc3 O-O 24. Qe3 Bd6 25. Nd4 Nd7 26. Bxb5 e5
27. Nc4 exd4 28. Nxb6 dxe3 29. Nxd7 exf2+ 30. Kxf2 Ra8 31. Rc3
Kg7 32. e5 Be7 33. Rc7 Be4 34. Bxf4 gxf4 35. Bc6 Bxc6 36. Rxc6
Ra5 37. Kf3 Rb5 38. Rb6 Rd5 39. Rb7 Bg5 40. Ke2 Rd4 41. Nc5
Rc4 42. b4 Rc2+ 43. Kf3 Rc3+ 44. Ke4 Rg3 45. e6 Rxg2 46. b5
Kf8 47. Rxf7+ Ke8 48. b6 Rb2 49. b7 Be7 50. Kd5 f3 51. Ne4 Rb6
52. Nc5 f2 53. Rxf2 Bxc5 54. Kxc5 Rxb7 55. Rf6 Rb1 56. Rxh6
Ke7 57. Rg6 Rh1 58. Rh6 Rc1+ 59. Kd5 Rd1+ 60. Ke5 Re1+ 61. Kf5
Rf1+ 62. Kg6 Kxe6 63. Kg7+ Ke7 64. Ra6 Rf7+ 65. Kg6 Rf1
66. Ra7+ Kf8 67. Ra8+ Ke7 68. h6 Rg1+ 69. Kf5 Rf1+ 70. Ke5 1-0

[Event "FIDE Women's Grand Prix Khanty - Mansiysk"]
[Site "Khanty-Mansiysk RUS"]
[Date "2014.04.12"]
[EventDate "2014.04.09"]
[Round "4.6"]
[Result "1/2-1/2"]
[White "Antoaneta Stefanova"]
[Black "Olga Girya"]
[WhiteElo "2489"]
[BlackElo "2450"]
[PlyCount "151"]

1. d4 d5 2. c4 c6 3. Nf3 Nf6 4. Qc2 dxc4 5. Qxc4 Bg4 6. Nbd2
Nbd7 7. g3 e6 8. Bg2 Be7 9. O-O O-O 10. Re1 Rc8 11. Qb3 b5
12. h3 Bh5 13. e4 Qb6 14. a4 a6 15. Bf1 Rb8 16. g4 Bg6 17. Ne5
Nxe5 18. dxe5 Nd7 19. Qg3 f6 20. Nf3 Bc5 21. Bd3 Nxe5 22. Nxe5
fxe5 23. Be3 Bd4 24. b4 Rbd8 25. a5 Qc7 26. Rac1 Bxe3 27. Qxe3
Rd4 28. Rc3 Qd6 29. Rec1 Be8 30. Kg2 Qxb4 31. Rc5 Qxa5
32. Rxe5 Qd8 33. Be2 Rd6 34. g5 a5 35. Bg4 Bf7 36. h4 Rd3
37. Qc5 Rd2 38. Qe3 Rd3 39. Qc5 Qd6 40. h5 Qxc5 41. Rexc5 Rd6
42. e5 Rd5 43. Rxd5 cxd5 44. Rc7 b4 45. Rb7 Ra8 46. g6 hxg6
47. hxg6 Bxg6 48. Bxe6+ Kf8 49. Bxd5 Rd8 50. Bf3 Rd4 51. Kg3
Be4 52. Bxe4 Rxe4 53. f4 a4 54. Kg4 a3 55. Ra7 Re2 56. Kf3 Rc2
57. f5 a2 58. Ra8+ Ke7 59. Ra7+ Kd8 60. Ra8+ Kc7 61. f6 gxf6
62. exf6 Rc3+ 63. Ke2 Ra3 64. Rxa3 bxa3 65. f7 a1=Q 66. f8=Q
Qb2+ 67. Kd3 Qb3+ 68. Kd2 Qb2+ 69. Kd3 Qb1+ 70. Kd2 Qa2+
71. Kc3 Qa1+ 72. Kc2 a2 73. Qc5+ Kd7 74. Qb5+ Ke6 75. Qb2
Qxb2+ 76. Kxb2 1/2-1/2

[Event "FIDE Women's Grand Prix Khanty - Mansiysk"]
[Site "Khanty-Mansiysk RUS"]
[Date "2014.04.14"]
[EventDate "2014.04.09"]
[Round "5.3"]
[Result "1/2-1/2"]
[White "Anna Muzychuk"]
[Black "Antoaneta Stefanova"]
[WhiteElo "2560"]
[BlackElo "2489"]
[PlyCount "59"]

1. e4 e5 2. Nf3 Nc6 3. d4 exd4 4. Nxd4 Bb4+ 5. c3 Bc5 6. Nxc6
bxc6 7. Bd3 Qh4 8. Qe2 d6 9. Be3 Bxe3 10. Qxe3 Nf6 11. Qg3 Qh6
12. O-O Nh5 13. Qf3 Nf4 14. Re1 Rb8 15. b3 Nxd3 16. Qxd3 Rb5
17. Nd2 Rh5 18. Nf1 O-O 19. Qe3 Qxe3 20. Nxe3 f5 21. exf5 Bxf5
22. Nxf5 Rhxf5 23. f3 a5 24. Re7 R8f7 25. Rae1 Rc5 26. c4 a4
27. Re8+ Rf8 28. R8e7 Rf7 29. Re8+ Rf8 30. R8e7 1/2-1/2

[Event "FIDE Women's Grand Prix Khanty - Mansiysk"]
[Site "Khanty-Mansiysk RUS"]
[Date "2014.04.15"]
[EventDate "2014.04.09"]
[Round "6.4"]
[Result "1/2-1/2"]
[White "Antoaneta Stefanova"]
[Black "Yifan Hou"]
[WhiteElo "2489"]
[BlackElo "2618"]
[PlyCount "119"]

1. d4 e6 2. c4 b6 3. a3 Bb7 4. Nc3 Nf6 5. d5 Bd6 6. Nf3 O-O
7. g3 c6 8. Bg2 cxd5 9. cxd5 exd5 10. Nh4 Be5 11. Nxd5 Nxd5
12. Bxd5 Bxd5 13. Qxd5 Nc6 14. Nf3 Bf6 15. O-O Re8 16. Re1 Rc8
17. Bg5 Bxg5 18. Nxg5 Qf6 19. Ne4 Qe6 20. Qxe6 Rxe6 21. Nc3 g6
22. Red1 Ne5 23. Rab1 a6 24. Kg2 Kf8 25. e3 Nc4 26. Ne2 Rd6
27. Nd4 Rc5 28. a4 Ne5 29. b4 Rc4 30. Rdc1 Rxc1 31. Rxc1 Nc6
32. Rc4 Nxd4 33. Rxd4 Rxd4 34. exd4 Ke7 35. Kf3 Ke6 36. Ke4
f5+ 37. Kd3 g5 38. h3 h5 39. Kc4 g4 40. hxg4 hxg4 41. a5 bxa5
42. bxa5 Kd6 43. d5 Ke5 44. Kc5 Ke4 45. Kd6 Kd4 46. Kxd7 Kxd5
47. Ke7 f4 48. Kf6 fxg3 49. fxg3 Kc5 50. Kf5 Kb5 51. Kxg4 Kxa5
52. Kf5 Kb4 53. g4 a5 54. g5 a4 55. g6 a3 56. g7 a2 57. g8=Q
a1=Q 58. Qb8+ Ka3 59. Qa7+ Kb2 60. Qxa1+ 1/2-1/2

[Event "FIDE Women's Grand Prix Khanty - Mansiysk"]
[Site "Khanty-Mansiysk RUS"]
[Date "2014.04.16"]
[EventDate "2014.04.09"]
[Round "7.4"]
[Result "1/2-1/2"]
[White "Tatiana Kosintseva"]
[Black "Antoaneta Stefanova"]
[WhiteElo "2496"]
[BlackElo "2489"]
[PlyCount "71"]

1. e4 e5 2. Nf3 Nc6 3. Bb5 g6 4. d4 exd4 5. Bg5 Be7 6. Bxe7
Qxe7 7. Bxc6 dxc6 8. Qxd4 Nf6 9. Nc3 Bg4 10. O-O-O Bxf3
11. gxf3 O-O 12. Qe3 Rfd8 13. Rxd8+ Rxd8 14. f4 b6 15. f5 Re8
16. fxg6 hxg6 17. f4 Qe6 18. e5 Nd5 19. Qf3 Nxc3 20. Qxc3 Qxa2
21. b3 b5 22. Re1 a5 23. f5 b4 24. Qd3 Qa1+ 25. Kd2 Qc3+
26. Qxc3 bxc3+ 27. Kxc3 gxf5 28. Kd4 Kg7 29. Rf1 Kg6 30. Rg1+
Kh6 31. Rf1 Kg5 32. Rg1+ Kf4 33. Rf1+ Kg5 34. Rg1+ Kf4
35. Rf1+ Kg5 36. Rg1+ 1/2-1/2

[Event "FIDE Women's Grand Prix Khanty - Mansiysk"]
[Site "Khanty-Mansiysk RUS"]
[Date "2014.04.17"]
[EventDate "2014.04.09"]
[Round "8.4"]
[Result "1/2-1/2"]
[White "Antoaneta Stefanova"]
[Black "Tuvshintugs Batchimeg"]
[WhiteElo "2489"]
[BlackElo "2340"]
[PlyCount "74"]

1. d4 Nf6 2. Nc3 d5 3. Bf4 e6 4. e3 Bd6 5. Bg3 c5 6. dxc5 Bxc5
7. Nb5 Na6 8. c3 O-O 9. a4 Ne4 10. Be5 f6 11. Bd4 Be7 12. f3
Nd6 13. f4 Nf5 14. Bd3 e5 15. fxe5 fxe5 16. Bxf5 Rxf5 17. Bxa7
Be6 18. Nf3 b6 19. O-O Bc5 20. Qe2 Rf7 21. b4 Bd6 22. Nxd6
Qxd6 23. Qxa6 Rfxa7 24. Qe2 Rxa4 25. Rxa4 Rxa4 26. Ng5 Ra7
27. Qd3 g6 28. e4 Rd7 29. Rf6 Qe7 30. Qf1 Bf5 31. Rxb6 Qxg5
32. Rb8+ Kg7 33. exf5 Qe3+ 34. Qf2 Qc1+ 35. Qf1 Qe3+ 36. Qf2
Qc1+ 37. Qf1 Qe3+ 1/2-1/2

[Event "FIDE Women's Grand Prix Khanty - Mansiysk"]
[Site "Khanty-Mansiysk RUS"]
[Date "2014.04.19"]
[EventDate "2014.04.09"]
[Round "9.2"]
[Result "1-0"]
[White "Nana Dzagnidze"]
[Black "Antoaneta Stefanova"]
[WhiteElo "2550"]
[BlackElo "2489"]
[PlyCount "83"]

1. d4 d5 2. c4 c6 3. Nf3 e6 4. Nbd2 f5 5. g3 Nf6 6. Bg2 Bd6
7. O-O Nbd7 8. b3 Qe7 9. Bb2 b6 10. cxd5 cxd5 11. Ne5 b5
12. Nc6 Qf7 13. Nf3 O-O 14. Qd3 a5 15. Bc1 Bb7 16. Nce5 Qe7
17. Bf4 Ne4 18. Rfc1 Nxe5 19. Nxe5 g5 20. Bd2 b4 21. Be1 Ba6
22. Qc2 Rac8 23. Qb2 g4 24. Bxe4 dxe4 25. Bd2 Bxe5 26. dxe5 h5
27. Bh6 Rfd8 28. Rxc8 Rxc8 29. Rd1 Bb7 30. Rd6 Bd5 31. Qd2 Kh7
32. Be3 Qc7 33. Rxd5 exd5 34. Qxd5 Rd8 35. Qe6 Qd7 36. Qh6+
Kg8 37. Qg5+ Kh7 38. Qxh5+ Kg8 39. Qg5+ Kh7 40. e6 Qd1+
41. Kg2 Rd5 42. Qe7+ 1-0

[Event "FIDE Women's Grand Prix Khanty - Mansiysk"]
[Site "Khanty-Mansiysk RUS"]
[Date "2014.04.20"]
[EventDate "2014.04.09"]
[Round "10.5"]
[Result "1/2-1/2"]
[White "Antoaneta Stefanova"]
[Black "Kateryna Lahno"]
[WhiteElo "2489"]
[BlackElo "2543"]
[PlyCount "102"]

1. d4 Nf6 2. c4 g6 3. Nc3 d5 4. cxd5 Nxd5 5. Bd2 Bg7 6. e4
Nxc3 7. Bxc3 O-O 8. h4 c5 9. d5 e6 10. d6 Nc6 11. Nf3 e5
12. Qd5 Nd4 13. Bd3 Be6 14. Qxc5 Rc8 15. Qa3 Nxf3+ 16. gxf3
Rc6 17. Qxa7 Rxd6 18. Be2 b6 19. a4 Bh6 20. Bxe5 Rd2 21. Bb5
Bb3 22. Kf1 Bg7 23. Bxg7 Kxg7 24. Kg2 Qd4 25. Rhf1 Rc8 26. a5
bxa5 27. Qxd4+ Rxd4 28. Rfc1 Rxc1 29. Rxc1 a4 30. Rc8 h5
31. Ra8 Rd2 32. Bxa4 Bxa4 33. Rxa4 Rxb2 34. Ra7 Re2 35. Re7
Kf8 36. Re5 Re1 37. Ra5 Kg7 38. Ra4 Rb1 39. f4 Rb3 40. Ra5 Rb4
41. f3 f5 42. Ra7+ Kh6 43. e5 Rxf4 44. e6 Rb4 45. Rf7 Rb6
46. e7 Re6 47. Kg3 Re5 48. Kf4 Re6 49. Kg3 Re5 50. Kf4 Re6
51. Kg3 Re5 1/2-1/2

[Event "FIDE Women's Grand Prix Khanty - Mansiysk"]
[Site "Khanty-Mansiysk RUS"]
[Date "2014.04.21"]
[EventDate "2014.04.09"]
[Round "11.1"]
[Result "0-1"]
[White "Nafisa Muminova"]
[Black "Antoaneta Stefanova"]
[WhiteElo "2321"]
[BlackElo "2489"]
[PlyCount "78"]

1. e4 e5 2. Nf3 Nc6 3. Bb5 a6 4. Ba4 d6 5. O-O Nf6 6. d3 g6
7. c4 Bg7 8. Nc3 O-O 9. Nd5 h6 10. Be3 Ng4 11. Qc1 f5 12. c5
fxe4 13. dxe4 Rxf3 14. Bg5 hxg5 15. gxf3 Nd4 16. Bd1 Nh6
17. cxd6 cxd6 18. Kh1 Be6 19. Nc3 Qf6 20. Qe3 Rf8 21. Rg1 Nxf3
22. Rg3 Nh4 23. f3 Qf4 24. Qd3 Nf7 25. Be2 b5 26. b3 Rc8
27. Rag1 Rc5 28. b4 Rc4 29. Bd1 Rd4 30. Qf1 Qd2 31. Nd5 Bxd5
32. exd5 Nf5 33. R3g2 Qxb4 34. Qf2 e4 35. fxe4 Rxe4 36. Qa7
Bd4 37. Qb8+ Kg7 38. a3 Qc3 39. Rc2 Qh3 0-1

[Event "Women World Blitz Championships"]
[Site "Khanty-Mansiysk RUS"]
[Date "2014.04.26"]
[EventDate "2014.04.23"]
[Round "10.2"]
[Result "1-0"]
[White "Antoaneta Stefanova"]
[Black "Nana Dzagnidze"]
[WhiteElo "2489"]
[BlackElo "2550"]
[PlyCount "92"]

1. d4 d5 2. Bf4 Nf6 3. Nc3 Bf5 4. f3 e6 5. g4 Bg6 6. h4 h6
7. e3 Bd6 8. h5 Bh7 9. Bd3 Bxd3 10. Qxd3 a6 11. Nge2 c5
12. dxc5 Bxc5 13. O-O-O Nc6 14. e4 d4 15. Qc4 Qe7 16. Nb1 Nd7
17. a3 b5 18. Qb3 Rc8 19. Nd2 Na5 20. Qd3 e5 21. Bg3 Bd6
22. f4 Nc5 23. Qf3 d3 24. Nc3 dxc2 25. Kxc2 Na4 26. Nb1 O-O
27. fxe5 Bxe5 28. Bxe5 Qxe5 29. Qf5 Qg3 30. Rhf1 Nc4 31. Rd3
Ne3+ 32. Rxe3 Qxe3 33. Rf2 Nc5 34. Rf3 Qd4 35. g5 hxg5
36. Qxg5 Nxe4 37. Qf4 f5 38. h6 Qd6 39. Qh4 Qxh6 40. Qe7 Qf6
41. Qb7 Rc6 42. Kc1 Rfc8 43. Qd7 Rc5 44. Rh3 Nxc3 45. Nxc3 f4
46. Rf3 Rxc3+ 1-0

[Event "FIDE Women's Grand Prix Lopota"]
[Site "Lopota GEO"]
[Date "2014.06.19"]
[EventDate "2014.06.19"]
[Round "1"]
[Result "1/2-1/2"]
[White "Antoaneta Stefanova"]
[Black "Bela Khotenashvili"]
[WhiteElo "2488"]
[BlackElo "2518"]
[PlyCount "44"]

1. d4 d5 2. Nc3 Nf6 3. Bf4 c5 4. e3 cxd4 5. exd4 a6 6. Be2 Nc6
7. Nf3 Bg4 8. Ne5 Bxe2 9. Nxe2 g6 10. c3 Bg7 11. Ng3 Rc8
12. O-O O-O 13. Re1 e6 14. Nd3 Nd7 15. Qd2 Na5 16. Bg5 Qc7
17. Bh6 Nc4 18. Qc1 Rfe8 19. Re2 Bf6 20. Bg5 Bg7 21. Bh6 Bf6
22. Bg5 Bg7 1/2-1/2

[Event "FIDE Women's Grand Prix Lopota"]
[Site "Lopota GEO"]
[Date "2014.06.20"]
[EventDate "2014.06.19"]
[Round "2"]
[Result "1/2-1/2"]
[White "Antoaneta Stefanova"]
[Black "Anna Muzychuk"]
[WhiteElo "2488"]
[BlackElo "2561"]
[PlyCount "43"]

1. d4 f5 2. Nc3 d5 3. Bg5 g6 4. e3 Bg7 5. h4 c6 6. Bd3 Nf6
7. h5 Ne4 8. Bf4 Nd7 9. Nf3 e6 10. g4 Qe7 11. h6 Bf6 12. Bxe4
fxe4 13. g5 exf3 14. gxf6 Qxf6 15. Qxf3 e5 16. dxe5 Nxe5
17. Qg3 Nc4 18. Bg5 Qe5 19. Bf4 Qf6 20. Bg5 Qe5 21. Bf4 Qf6
22. Bg5 1/2-1/2

[Event "FIDE Women's Grand Prix Lopota"]
[Site "Lopota GEO"]
[Date "2014.06.21"]
[EventDate "2014.06.19"]
[Round "3"]
[Result "0-1"]
[White "Zhao Xue"]
[Black "Antoaneta Stefanova"]
[WhiteElo "2538"]
[BlackElo "2488"]
[PlyCount "72"]

1. d4 d5 2. c4 c6 3. Nf3 Nf6 4. Nbd2 Bf5 5. e3 h6 6. Ne5 e6
7. Bd3 Bxd3 8. Nxd3 Nbd7 9. b3 Qa5 10. O-O Qc3 11. Nb1 Qxa1
12. Qc2 c5 13. a3 dxc4 14. bxc4 b5 15. cxb5 c4 16. Nf4 Rb8
17. Bd2 Bxa3 18. Bc3 Bb2 19. Bxb2 Qa2 20. Nc3 Qb3 21. Qxb3
cxb3 22. Ba3 Nb6 23. Rb1 Nbd5 24. Nfxd5 Nxd5 25. Nxd5 exd5
26. Rxb3 Kd7 27. Bc5 a5 28. Ba7 Rb7 29. b6 Rc8 30. Kf1 Rc1+
31. Ke2 Rc2+ 32. Kf3 Kc6 33. g4 a4 34. Rb1 a3 35. Rb3 a2
36. Ra3 Kb5 0-1

[Event "FIDE Women's Grand Prix Lopota"]
[Site "Lopota GEO"]
[Date "2014.06.22"]
[EventDate "2014.06.19"]
[Round "4.1"]
[Result "1-0"]
[White "Antoaneta Stefanova"]
[Black "Alexandra Kosteniuk"]
[WhiteElo "2488"]
[BlackElo "2532"]
[PlyCount "151"]

1. d4 Nf6 2. Nf3 e6 3. e3 b6 4. c4 Bb7 5. Nc3 d5 6. cxd5 Nxd5
7. Bb5+ c6 8. Bd3 Nd7 9. e4 Nb4 10. Be2 a5 11. O-O Be7 12. a3
Na6 13. Bf4 O-O 14. Re1 Re8 15. e5 Nf8 16. Ne4 Ng6 17. Bg3 Nc7
18. Qd2 Nd5 19. Rac1 a4 20. Bd3 Nf8 21. h4 Ra5 22. Bb1 c5
23. dxc5 Bxc5 24. Nxc5 Rxc5 25. Rxc5 bxc5 26. Qc2 Qa5 27. Rc1
Qa8 28. Ng5 Ne7 29. f3 Nf5 30. Bf2 Ng6 31. Qe2 Ba6 32. Qe1 Nf4
33. Rxc5 Bd3 34. Qd2 Ne2+ 35. Kh2 Bxb1 36. Qxe2 Qb8 37. Rb5
Qc7 38. Rc5 Qb8 39. Qb5 f6 40. Ne4 Qxb5 41. Rxb5 fxe5 42. Nc5
Bc2 43. Rb4 Rd8 44. Nxe6 Rd2 45. Ng5 g6 46. Bc5 Rd8 47. Rb7
Rc8 48. Bb4 h6 49. Nh7 Rc6 50. Bc3 Nd4 51. f4 g5 52. fxe5 Bxh7
53. Bxd4 Rc2 54. Rb8+ Kf7 55. hxg5 hxg5 56. Rb7+ Kg8 57. Kh3
Be4 58. Rb8+ Kf7 59. g4 Rd2 60. Rb4 Bc2 61. Bc3 Rd3+ 62. Kg2
Re3 63. Rb7+ Ke6 64. Rb6+ Kf7 65. Rf6+ Ke8 66. Kf2 Re4 67. Kf3
Rc4 68. Bb4 Bd1+ 69. Ke3 Bxg4 70. e6 Rf4 71. Rh6 Rf3+ 72. Ke4
Rh3 73. Rg6 Rh8 74. Ke5 Bd1 75. Rg7 Bf3 76. Rc7 1-0

[Event "FIDE Women's Grand Prix Lopota"]
[Site "Lopota GEO"]
[Date "2014.06.24"]
[EventDate "2014.06.19"]
[Round "5"]
[Result "1-0"]
[White "Yifan Hou"]
[Black "Antoaneta Stefanova"]
[WhiteElo "2629"]
[BlackElo "2488"]
[PlyCount "49"]

1. c4 g6 2. Nc3 c5 3. e3 Bg7 4. d4 d6 5. h3 Nc6 6. Nf3 e6
7. Be2 Nge7 8. O-O cxd4 9. exd4 Nf5 10. Bg5 Qb6 11. d5 Ncd4
12. Nxd4 Nxd4 13. dxe6 Bxe6 14. Be3 Nxe2+ 15. Qxe2 Qc6 16. Nd5
Bxd5 17. cxd5 Qxd5 18. Bf4+ Kf8 19. Rfd1 Qf5 20. Bxd6+ Kg8
21. Rac1 h5 22. Rc7 b5 23. Rd3 Rc8 24. g4 hxg4 25. hxg4 1-0